| 000 | 00413nam a22001697a 4500 | ||
|---|---|---|---|
| 999 |
_c408 _d408 |
||
| 005 | 20210720124757.0 | ||
| 008 | 160430b xxu||||| |||| 00| 0 eng d | ||
| 020 | _a81-87414-87-1 | ||
| 041 | _aeng | ||
| 082 | _b330 | ||
| 100 |
_aAggarwal Subhas and Vijay Yogesh _96523 |
||
| 245 | _aTOGETHER WITH ECONOMICS | ||
| 260 |
_bRachna Sage Pvt. Ltd. _c1998 |
||
| 300 | _a263 | ||
| 650 |
_aManagement _9241 |
||
| 942 | _cBK | ||